000
00232nam a2200085Ia 4500
245
0
_a
How to be a better parent
100
_a
JARDINE, Cassandra London, 2003
_9
89385
942
_c
BK
008
210817s9999 xx 000 0 und d
999
_c
359775
_d
359774